000
00299nam a22001337a 4500
008
181016b xxu||||| |||| 00| 0 eng d
020
_a
9780675064323
041
_a
eng
080
_a
540
100
_a
12
101
_a
KIM
245
_a
Solving Problems in Chemistry
_c
Smith,R.G
942
_2
udc
_c
BK
999
_c
49893
_d
49893